000
00333pam a2200157a 44500
008
230515b1932 xxu||||| |||| 00| 0 eng d
020
_a
NULL
041
_a
MARATHI
082
_a
1
100
_a
MS
245
_a
MANAVDHARMSHATRAM
250
_a
1
260
_a
SANGAI
_b
N.D.
_c
1932
300
_a
100
650
_a
MANAVDHARMSHATRAM
999
_c
497005
_d
497005